| 000 | 00823nam a2200193 i 4500 | ||
|---|---|---|---|
| 001 | 183318 | ||
| 003 | ES-MaACL | ||
| 005 | 20230906221849.0 | ||
| 008 | 140318s1834 fr |||| | fre d | ||
| 245 | 0 | 0 |
_aCode criminel de l'Empire du Brésil, adopté par les Chambres législatives dans la session de 1830 / _ctraduit par M. Victor Foucher,... et précédé d'observations comparatives avec le code pénal français. |
| 260 |
_aParis : _bImprimerie Royale, _c1834. |
||
| 300 |
_aXL, 137 p. ; _c22 cm. |
||
| 490 | 1 |
_aCollection des lois civiles et criminelles des états modernes ; _v2 |
|
| 650 |
_aDerecho penal- _zBrasil. _9154580 |
||
| 700 | 1 |
_aFoucher, Victor. _951926 |
|
| 830 | 0 |
_aCollection des lois civiles et criminelles des états modernes ; _v2 _9191907 |
|
| 852 |
_aES-MaACL _jG-3634 |
||
| 999 |
_c183318 _d183318 |
||